01193 2200217 4500001002100000005001500021035002000036007000300056008004100059020002200100245004100122250001000163260003700173300003100210100002300241082001000264084001600274650001400290500063600304990003500940INLIS00000000000760520260428021749 a0010-0226000041ta260428 0 ind  a978-602-9498-40-01 aHypno Parenting /cDewi Yogo Pratomo aCet.2 aYogyakarta :bNoura Books,c2012 a188 hlm, :bilus. ;c20 cm1 aPratomo, Dewi Yogo a649.1 a649.1 Pra h 4aParenting aMemiliki buah hati memang menyenangkan dan membahagiakan. Namun, sebagai orang tua mungkin sering kewalahan dan kehabisan akal dalam menghadapi tingkah laku mereka. Sulit diatur, suka membantah, malas belajar, tidak mau makan, keranjingan main game, dan segala permasalahan lainnya yang membuat harus memutar otak dan terkadang naik pitam. Dengan HipnoParenting menjawab semua kebutuhan orangtua dengan cara membiasakan diri memberikan sugesti positif pada buah hati tercinta. Ini akan membentuk kepribadiannya menjadi lebih kuat dan penuh percaya diri. Diapun akan tumbuh menjadi anak yang sehat, cerdas, bahagia, dan berprestasi. ac.1/41/Polbangtan Yoma/ha/2026